MDQL
is popping MORE tags! Check the
thread
!
Quizzes
Events
Quiz Creation
Community
Videos
Private Events
Remove Ads
Sign In
Join for FREE
Feedback
Dark Mode
Quiz Categories
Sports
Geography
Music
Movies
Television
Just For Fun
Miscellaneous
History
Literature
Language
Science
Gaming
Entertainment
Religion
Holiday
For Kids
Quiz Lab
Recent
Popular Today
Quiz Kudos Today
Editor Picks
Curator Picks
Quizzes by...
Day
Popularity
Type
Ratings
Length
Year
Community
Subscriptions
Recent Discussions
Orange Saloon
Badges
Playlists
Quests
Create
Leaderboards
Showdown
Live 5
Trivia Bingo
Activity
Puzzle Library
Sporcle Events
Private Events
Virtual Trivia
Globe League
Become a Host
Pub Owners
SporcleCon
Opinionation
Our Games
Videos
Blog
Mobile Apps
Partnerships
Remove Ads and Go Orange
Feedback
History
US Presidents
World Leaders
Politics
Nation
Discovery
War
Decade
Year
Century
Biography
Art
History
US Presidents
World Leaders
Politics
Nation
Discovery
War
Decade
Year
Century
Biography
Art
Random Quiz
Search Sporcle
×
Quiz Lab
Quiz Lab
History
War
Type in answers that appear in a list
Type in answers that appear in a list
Classic
Best Score? Go Orange.
History's Most Influential Battles Stats
Can you name the most influential battles in history??
By
plat3197
15m
10 Questions
204 Plays
204 Plays
204 Plays
Comments
Comments
Give Quiz Kudos
Give Quiz Kudos
-
- Ratings
hide this ad
Replay
Link that replays current quiz
Next Quiz
Link to next quiz in quiz playlist
You Got
0%
They Got
Avg Score
50%
Avg Friend Score
Upgrade to see
Score Distribution
Jump to the score distribution portion of the page
Score
0/10
Timer
15:00
0
Plays Today
Details
Battle
% Correct
This battle was the turning point of WWII and ended Hitler's hopes of conquering Russia or any additional nations and was his downfall.
Battle of Stalingrad
84.8%
This battle was the last successful invasion of England and ensured it would be a part of the feudal order of Europe, rather than of Scandinavian politics.
Battle of Hastings
80.9%
This battle convinced foreign nations to give the Untied States aid in this 1777 war and ultimately is responsible for the growth of the world's strongest nation.
Battle of Saratoga
69.1%
This battle ended any hopes of the Confederate States to receive foreign aid, which they needed to win their civil war with the Union.
Battle of Antietam
58.8%
This battle marked the beginning of the end of the Ottoman empire and protected Christianity in Europe from Muslim in the Austria-
Ottoman wars.
Siege of Vienna
54.4%
This battle stopped the Muslim invasion of Europe and ensured that Christianity and Western beliefs would dominate Europe and her colonies.
Battle of Tours
45.1%
This battle stopped the Persian invasion of Greece and the rest of Europe whenever Xeres' navy was destroyed.
Battle of Salamis
42.2%
This battle turned back Napoleon when he was the weakest and this was Napoleon's first defeat that he could not recover from. This battle led to his downfall.
Battle of Leipzig
41.2%
This battle gave the Spanish empire tons of wealth and influenced the lives of 385 million people today in S. America whenever Pizarro conquered the Incan empire.
Battle of Cajamarca
20.1%
This battle made China a communist country, bringing Mao to power.
Battle of Huai-Hai
12.3%
Quiz Playlist
Details
Report
Send in Message
Add To Playlist
Classic:
Type in answers that appear in a list
Last Updated: Feb 16, 2017
Quiz Scoreboard
CHALLENGE
Sign Up to Join the Scoreboard
Show All
Scores
Hide
Comments
May contain spoilers
Recently Published
Colored Red Africa Blitz
by spor1
Geography
30s
Find the 'City' Movie
by crazypaving
Movies
60s
5x2 Blitz: Bands
by SL_Kpop136
Music
30s
More to Explore
Quiz From the Vault
Featured Blog Post
14 Easter Pick-up Lines to Find Eggs With
hide this ad
You Might Also Like...
Tags
War Quiz
battle
influential
Today's Top Quizzes in History
Browse History
hide this ad
Today's Top Quizzes in War
Browse War
Top Contributed Quizzes in History
1
I Am Born On March 29th
2
Order Up: 1000 Years of World Events I
3
Popular People in 1951
4
US National Parks Named After People
5
Popular People in 1991
6
Popular People in 1941
7
Popular People in 1981
8
Popular People in 1921
9
Popular People in 1986
10
Popular People in 1976
Explore More
Trending Topics
Anime
Kpop
Marvel
Crossword
Harry Potter
Disney
NBA
Soccer
The Office
Pokémon
Puzzle
WWE
Song
NFL
Country
hide this ad
More By:
plat3197
Quiz
Plays
Rating
Category
Featured
Created
History's Most Influential Battles
204
3.67
History
Jul 18, 2012
Go to Creator's Profile
Score Distribution
Quiz Creator Spotlight
plat3197
Follow
Send a Message
Quizzes Created
-
Created Quiz Play Count
-
More By This Creator
Popular Quizzes Today
1
Colored Red Africa Blitz
2
Find the US States - No Outlines Minefield
3
Find the 'City' Movie
4
5x2 Blitz: Bands
5
The Countries of the World
6
Find the US States
7
Find the Countries of Europe - No Outlines Minefield
8
US States
More History Quizzes
11th Century Sieges
Editor's Pick
Trending Quizzes
Colored Red Europe Blitz I
Colored Red Europe Blitz II
Colored Red Africa Blitz II
Colored Red Europe Blitz III
Colored Red Africa Blitz III
Recently Updated
How Do You Spell That?
pecheneg
Godzilla Movies
pecheneg
Grab Bag: 4-10 Letters
pecheneg
2024 March Madness Bracket
pecheneg
Famous TV Couples
Peacemaker
Champions League XIs: Real Madrid
pecheneg
Largest US Cities 1790-2010
pecheneg
Rides in Walt Disney World
pecheneg
Most Oscar Losses (Acting)
pecheneg
Beyoncé Albums
pecheneg
Trending Topics
Anime
Marvel
Disney
NBA
Harry Potter
Kpop
Crossword
The Office
Soccer
Pokémon
Country
Song
WWE
Puzzle
NFL
Your Account Isn't Verified!
In order to create a playlist on Sporcle, you need to verify the email address you used during registration. Go to your
Sporcle Settings
to finish the process.
Report this User
Report this user for behavior that violates our
Community Guidelines
.
Details:
Send Report
Go to the Sporcle.com Mobile Site →
Comments